| 000 | 00587nam a2200217 a 4500 | ||
|---|---|---|---|
| 005 | 20210219153317.0 | ||
| 008 | 991125n 000 0 u | ||
| 035 | _aUPN01000090758 | ||
| 100 | 1 | _aKaye, Tony | |
| 222 | _aPROSPECTS | ||
| 245 | _aOpen universities : A comparative approach | ||
| 300 | _a214-226 | ||
| 362 | 0 | _a1991, Vol. 21, No. 2 | |
| 653 | 0 | _aACCESO A LA EDUCACION | |
| 653 | 0 | _aEDUCACION A DISTANCIA | |
| 653 | 0 | _aMATERIALES EDUCATIVOS | |
| 653 | 0 | _aUNIVERSIDADES ABIERTAS | |
| 700 |
_aRumble, Geville, _xcoaut. |
||
| 904 |
_aAC _b028569 |
||
| 905 | _aArticulo | ||
| 999 |
_c73751 _d73751 |
||